Statistiken für Alle Feen-Pokemon

Klicken Sie hier um das Quiz zu spielen!

Allgemein

  • Dieses Quiz wurde 200 mal gespielt
    (84 seit der letzten Aktualisierung)
  • Das Durchschnittsergebnis liegt bei 47 aus 63

Antwortstatistiken

Pokedex-NummerPokemon2. Typ% Korrekt
036Pixi
98%
039PummeluffNormal
98%
040KnuddeluffNormal
96%
035Piepi
96%
173Pii
93%
174FluffeluffNormal
91%
282GuardevoirPsycho
91%
281KirliaPsycho
91%
280TraslaPsycho
91%
184AzumarillWasser
89%
183MarillWasser
89%
122PantimosPsycho
87%
303FlunkiferStahl
85%
468TogekissFlug
85%
175Togepi
85%
176TogeticFlug
85%
700Feelinara
84%
210Granbull
82%
703RocaraGestein
82%
209Snubbull
82%
298AzurillNormal
80%
702DedenneElektro
80%
682Parfi
80%
778MimigmaGeist
78%
683Parfinesse
78%
743BandelbyKäfer
76%
719DiancieGestein
76%
684Flauschling
76%
786Kapu-FalaPsycho
76%
788Kapu-KimeWasser
76%
785Kapu-RikiElektro
76%
787Kapu-ToroPflanze
76%
861OlangaarUnlicht
76%
860PelzebubUnlicht
76%
685Sabbaione
76%
546WaumbollPflanze
76%
742WommelKäfer
76%
859BähmonUnlicht
75%
755BubungusPflanze
75%
547ElfunPflanze
75%
439PantimimiPsycho
75%
670Floette
73%
756LamelluxPflanze
73%
669Flabébé
71%
671Florges
71%
716Xerneas
71%
707ClavionStahl
65%
730PrimareneWasser
65%
858SilembrimPsycho
65%
959GranforgitaStahl
64%
801MagearnaStahl
64%
764Curelei
60%
888Zacian(Stahl)
60%
868Hokumil
58%
1006EisenkriegerKampf
56%
957ForgitaStahl
56%
869Pokusan
56%
958TafforgitaStahl
53%
905CupidosFlug
51%
926Hefel
51%
927Backel
49%
987FlatterhaarGeist
49%
985BrüllschweifPsycho
45%

Verteilung der Resultate

Perzentil nach korrekt beantworteten Fragen

Anzahl Personen mit jedem Resultat

Ihre Resultats-Entwicklung

Sie haben dieses Quiz seit der letzten Aktualisierung nicht gespielt